000 00616nam a22002177a 4500
003 UA-OsUOA
001 115780
007 ta
008 20160118b un ||||| |||| 00| 0 ukr d
100 _aМельник О.Г.
090 _a330(477)
_bМ48
942 _cSA
040 _aUA-OsUOA
_bukr
_cUA-OsUOA
_dUA-OsUOA
245 _aДворівнева модель фінансування розвитку високих технологій в Україні
300 _aС.66-76
955 _a0
041 _aukr
080 _a330(477)
773 0 _w115778
650 7 _a330 Економіка взагалі
_2UDC
999 _c401598
_d401598